[Event "Pszczyna op"]
[Site "Pszczyna"]
[Date "2009.07.18"]
[Round "8"]
[White "Remez, Serhiy"]
[Black "Wozniak, Dawid"]
[Result "1-0"]
[WhiteElo "1983"]
[BlackElo "1894"]
[PlyCount "53"]
[EventDate "2009.07.14"]
[EventType "swiss"]
[EventRounds "9"]
[EventCountry "POL"]
[SourceTitle "CBM 131 Extra"]
[Source "ChessBase"]
[SourceDate "2009.09.03"]
[SourceVersion "2"]
[SourceVersionDate "2009.09.16"]
[SourceQuality "1"]

1. d4 d5 2. Nf3 Nf6 3. e3 Bf5 4. b3 e6 5. Bd3 Bxd3 6. Qxd3 a6 7. c4 c6 8. 0-0 Bd6 9. Nc3 0-0 10. e4 Bb4 11. e5 dxc4 12. bxc4 Nfd7 13. Ng5 g6 14. Qh3 h5 15. Nce4 Be7 16. g4 Kg7 17. gxh5 Rh8 18. h6+ Kf8 19. Qf3 Bxg5 20. Bxg5 Qc7 21. c5 b6 22. cxb6 Nxb6 23. Nf6 N8d7 24. Qa3+ c5 25. Rfc1 Nxf6 26. Rxc5 Qd8 27. Rc8+ 1-0

[Event "Pszczyna op"]
[Site "Pszczyna"]
[Date "2009.07.14"]
[Round "2"]
[White "Remez, Serhiy"]
[Black "Mulet, Piotr"]
[Result "0-1"]
[WhiteElo "1983"]
[BlackElo "2326"]
[PlyCount "112"]
[EventDate "2009.07.14"]
[EventType "swiss"]
[EventRounds "9"]
[EventCountry "POL"]
[SourceTitle "CBM 131 Extra"]
[Source "ChessBase"]
[SourceDate "2009.09.03"]
[SourceVersion "2"]
[SourceVersionDate "2009.09.16"]
[SourceQuality "1"]

1. d4 Nf6 2. Nf3 c5 3. e3 e6 4. Bd3 d5 5. b3 Nc6 6. Bb2 Be7 7. 0-0 0-0 8. Nbd2 cxd4 9. exd4 Nb4 10. Be2 Qc7 11. c4 b6 12. Ne5 dxc4 13. bxc4 Bb7 14. a3 Nc6 15. f4 Rad8 16. Nxc6 Bxc6 17. Qc2 Bd6 18. g3 Bb7 19. Rac1 Rc8 20. Qb1 Rfd8 21. Bf3 h5 22. Ne4 Be7 23. Ng5 Bxf3 24. Rxf3 Qd7 25. f5 exf5 26. Rxf5 g6 27. Rf4 Rf8 28. Rcf1 Rxc4 29. Rxf6 Bxf6 30. Rxf6 Rc6 31. Ne4 Rfc8 32. Qd3 Qd5 33. Rxc6 Rxc6 34. Nc3 Qc4 35. Qxc4 Rxc4 36. d5 Rd4 37. Kf1 Rd2 38. Bc1 Rd3 39. Bb2 Rd2 40. Bc1 Rxh2 41. d6 Kf8 42. Bg5 Ke8 43. Nd5 Kd7 44. Be7 Ra2 45. Nf6+ Ke6 46. Ne4 Rxa3 47. Kf2 f5 48. Ng5+ Kd7 49. Nf7 Ra5 50. Kf3 Rd5 51. Kf4 b5 52. Ne5+ Ke6 53. Nxg6 b4 54. d7 Rxd7 55. Bxb4 Rd4+ 56. Kg5 Rxb4 0-1

[Event "Yuzhny op"]
[Site "Yuzhny"]
[Date "2008.09.25"]
[Round "9"]
[White "Remez, Serhiy"]
[Black "Loy, Konstantin"]
[Result "1/2-1/2"]
[WhiteElo "1988"]
[BlackElo "2104"]
[PlyCount "85"]
[EventDate "2008.09.20"]
[EventType "swiss"]
[EventRounds "9"]
[EventCountry "UKR"]
[SourceTitle "CBM 126 Extra"]
[Source "ChessBase"]
[SourceDate "2008.11.05"]
[SourceVersion "1"]
[SourceVersionDate "2008.11.05"]
[SourceQuality "1"]

1. d4 Nf6 2. c4 c5 3. d5 b5 4. Bg5 Ne4 5. Bf4 Qa5+ 6. Nd2 d6 7. f3 Nf6 8. e4 g6 9. cxb5 Bg7 10. Qc2 a6 11. a4 Bd7 12. b6 0-0 13. Kf2 Qxb6 14. Nc4 Qb7 15. a5 Bb5 16. Bd2 Nbd7 17. Bd3 Ne8 18. Bc3 Nc7 19. Ne2 Rfb8 20. Rhb1 Bxc4 21. Bxc4 Nb5 22. Bxg7 Kxg7 23. g3 Ne5 24. b3 h5 25. Qb2 f6 26. h3 Qd7 27. Kg2 Nxc4 28. bxc4 Nd4 29. Qa2 Nxe2 30. Qxe2 Rb7 31. Rb6 Rxb6 32. axb6 Qb7 33. Qb2 a5 34. Qb5 a4 35. Rxa4 Rxa4 36. Qxa4 Qxb6 37. Qb5 Qa7 38. Qe8 Qa2+ 39. Kg1 Qa1+ 40. Kg2 Qb2+ 41. Kg1 Qd4+ 42. Kg2 Qd2+ 43. Kg1 1/2-1/2

[Event "Yuzhny op"]
[Site "Yuzhny"]
[Date "2008.09.23"]
[Round "6"]
[White "Remez, Serhiy"]
[Black "Nasirov, Ruslan"]
[Result "0-1"]
[WhiteElo "1988"]
[BlackElo "1882"]
[PlyCount "144"]
[EventDate "2008.09.20"]
[EventType "swiss"]
[EventRounds "9"]
[EventCountry "UKR"]
[SourceTitle "CBM 126 Extra"]
[Source "ChessBase"]
[SourceDate "2008.11.05"]
[SourceVersion "1"]
[SourceVersionDate "2008.11.05"]
[SourceQuality "1"]

1. e4 c5 2. Nc3 Nc6 3. f4 g6 4. Nf3 Bg7 5. Bb5 Nd4 6. 0-0 Nxb5 7. Nxb5 a6 8. Nc3 e6 9. d3 Ne7 10. Be3 d6 11. Qe1 Nc6 12. Rc1 0-0 13. Ng5 Nd4 14. Nd1 b6 15. c3 Nc6 16. Rc2 d5 17. Nf2 d4 18. Bc1 e5 19. f5 gxf5 20. exf5 Bxf5 21. Nfe4 Bg6 22. Qg3 Qe7 23. Nh3 f5 24. Bg5 Qd7 25. Nd2 Rae8 26. Nc4 b5 27. Nb6 Qe6 28. a4 Rb8 29. a5 Nxa5 30. cxd4 Qxb6 31. dxc5 Qc6 32. b4 Nb3 33. Be7 Rfe8 34. Bd6 Ra8 35. Ng5 Nd4 36. Rcf2 a5 37. bxa5 Rxa5 38. h4 Bh5 39. Re1 Qd5 40. Nf3 Bxf3 41. gxf3 Kh8 42. Kh2 Ra3 43. f4 e4 44. dxe4 Rxg3 45. exd5 Rxe1 46. Kxg3 Re3+ 47. Kg2 Kg8 48. c6 Re8 49. c7 Rc8 50. Rd2 Kf7 51. Be5 Bxe5 52. fxe5 Nc6 53. dxc6 Rxc7 54. Rb2 Rxc6 55. Rxb5 Ke6 56. Kf3 Rc3+ 57. Kf4 Rc4+ 58. Kg5 Rg4+ 59. Kh5 Re4 60. Rb7 h6 61. Rb5 f4 62. Kg4 h5+ 63. Kf3 Rxe5 64. Rxe5+ Kxe5 65. Kf2 Ke4 66. Ke2 f3+ 67. Kf2 Kf4 68. Kf1 Kg3 69. Kg1 Kxh4 70. Kh2 Kg4 71. Kg1 Kg3 72. Kh1 h4 0-1

[Event "Yuzhny op"]
[Site "Yuzhny"]
[Date "2008.09.20"]
[Round "1"]
[White "Remez, Serhiy"]
[Black "Andreev, Eduard"]
[Result "0-1"]
[WhiteElo "1988"]
[BlackElo "2455"]
[PlyCount "80"]
[EventDate "2008.09.20"]
[EventType "swiss"]
[EventRounds "9"]
[EventCountry "UKR"]
[SourceTitle "CBM 126 Extra"]
[Source "ChessBase"]
[SourceDate "2008.11.05"]
[SourceVersion "1"]
[SourceVersionDate "2008.11.05"]
[SourceQuality "1"]

1. c4 c5 2. Nf3 Nc6 3. g3 g6 4. Bg2 Bg7 5. 0-0 e5 6. d3 Nge7 7. Bg5 f6 8. Bd2 0-0 9. Nc3 d6 10. Ne1 Be6 11. Nd5 Rb8 12. Nc2 b5 13. Nxe7+ Nxe7 14. cxb5 Rxb5 15. b4 cxb4 16. Nxb4 d5 17. a4 Rc5 18. Qb3 Qd6 19. d4 Rc4 20. dxe5 fxe5 21. Qa3 e4 22. Rac1 Rfc8 23. Rxc4 Rxc4 24. Rc1 a5 25. Rxc4 dxc4 26. Nc2 Qxd2 27. Qxe7 Qd1+ 28. Bf1 Qd7 29. Qg5 Qxa4 30. Qd8+ Bf8 31. Nd4 Qd1 32. e3 c3 33. Qc7 Bh3 34. Qc4+ Kh8 35. Qb5 Qxf1+ 36. Qxf1 Bxf1 37. Kxf1 a4 38. Ke2 a3 39. Kd1 a2 40. Nb3 Ba3 0-1

[Event "Poznan op-B 17th"]
[Site "Poznan"]
[Date "2008.07.21"]
[Round "3"]
[White "Glatty, Zbigniew"]
[Black "Remez, Serhiy"]
[Result "1-0"]
[WhiteElo "1903"]
[BlackElo "1988"]
[PlyCount "99"]
[EventDate "2008.07.19"]
[EventType "swiss"]
[EventRounds "9"]
[EventCountry "POL"]
[SourceTitle "EXT 2009"]
[Source "ChessBase"]
[SourceDate "2008.11.26"]
[SourceVersion "1"]
[SourceVersionDate "2008.11.26"]
[SourceQuality "1"]

1. e4 c5 2. Nf3 Nc6 3. d4 cxd4 4. Nxd4 Nf6 5. Nc3 e5 6. Ndb5 d6 7. Bg5 a6 8. Na3 b5 9. Nd5 Be7 10. Bxf6 Bxf6 11. c3 0-0 12. Nc2 Rb8 13. h4 Ne7 14. Nce3 Nxd5 15. Nxd5 Bb7 16. g3 b4 17. c4 Bxd5 18. Qxd5 Qb6 19. Bh3 b3 20. a3 Qd4 21. Qxd4 exd4 22. Kd2 Bd8 23. Kd3 g6 24. Rad1 Re8 25. Rd2 Bb6 26. Rf1 Re7 27. f4 f6 28. Bg4 Rbe8 29. Bf3 Kg7 30. h5 g5 31. Bg4 h6 32. Bf5 Rc7 33. Rdf2 Rc5 34. fxg5 fxg5 35. Bg6 Re7 36. Rf7+ Rxf7 37. Rxf7+ Kg8 38. Rh7 g4 39. Rd7 Rg5 40. Rb7 Ba5 41. Rxb3 Be1 42. Ke2 Ba5 43. Rb8+ Kg7 44. b4 Re5 45. bxa5 Rxa5 46. Rb3 Kf6 47. Kd3 Ke5 48. Bf5 Rc5 49. Rb6 Ra5 50. Rb3 1-0

[Event "Poznan op-B 17th"]
[Site "Poznan"]
[Date "2008.07.20"]
[Round "2"]
[White "Remez, Serhiy"]
[Black "Ratajczak, Jedrzej"]
[Result "1-0"]
[WhiteElo "1988"]
[BlackElo "1704"]
[PlyCount "33"]
[EventDate "2008.07.19"]
[EventType "swiss"]
[EventRounds "9"]
[EventCountry "POL"]
[SourceTitle "EXT 2009"]
[Source "ChessBase"]
[SourceDate "2008.11.26"]
[SourceVersion "1"]
[SourceVersionDate "2008.11.26"]
[SourceQuality "1"]

1. e4 d5 2. e5 d4 3. Nf3 a6 4. d3 c5 5. g3 Nc6 6. Bg2 Qc7 7. Qe2 e6 8. 0-0 b5 9. a4 Bb7 10. axb5 axb5 11. Rxa8+ Bxa8 12. Na3 Qb6 13. c4 Na7 14. cxb5 Nxb5 15. Nxb5 Bxf3 16. Qxf3 Qxb5 17. Qa8+ 1-0

[Event "Krakow Malopolski-chA"]
[Site "Krakow"]
[Date "2008.04.29"]
[Round "3.12"]
[White "Remez, Serhiy"]
[Black "Duda, Jan Krzysztof"]
[Result "0-1"]
[WhiteElo "2018"]
[BlackElo "1916"]
[PlyCount "82"]
[EventDate "2008.04.28"]
[EventType "swiss"]
[EventRounds "9"]
[EventCountry "POL"]
[SourceTitle "EXT 2023"]
[Source "ChessBase"]
[SourceDate "2022.10.05"]
[SourceVersion "1"]
[SourceVersionDate "2022.10.05"]
[SourceQuality "1"]

1. d4 e6 2. Nf3 Nf6 3. c4 d5 4. g3 c6 5. Bg2 Bd6 6. Qc2 Nbd7 7. Nbd2 0-0 8. 0-0 Qc7 9. e4 Nxe4 10. Nxe4 dxe4 11. Qxe4 c5 12. d5 Nf6 13. Qd3 exd5 14. cxd5 Qd7 15. Bg5 Qf5 16. Qxf5 Bxf5 17. Bxf6 gxf6 18. Nh4 Bd7 19. Be4 Rfe8 20. Rfe1 Rad8 21. f4 c4 22. Kg2 Bb4 23. Re2 Bg4 24. Re3 Bd2 25. Bf3 Bxe3 26. Bxg4 Rxd5 27. Rd1 Rxd1 28. Bxd1 Bd4 29. b3 c3 30. Nf3 c2 31. Bxc2 Re2+ 32. Kh3 Rxc2 33. Nxd4 Rxa2 34. Nb5 a6 35. Nd6 b5 36. Nb7 a5 37. Kg4 a4 38. bxa4 bxa4 39. Nc5 a3 40. Kf5 Rb2 41. Ne4 Rb5+ 0-1

[Event "Gora Sw Anny op 1st"]
[Site "Gora Sw Anny"]
[Date "2008.02.18"]
[Round "2"]
[White "Remez, Serhiy"]
[Black "Janocha, Jan"]
[Result "1-0"]
[WhiteElo "2016"]
[BlackElo "1805"]
[PlyCount "79"]
[EventDate "2008.02.18"]
[EventType "swiss"]
[EventRounds "9"]
[EventCountry "POL"]
[SourceTitle "CBM 122 Extra"]
[Source "ChessBase"]
[SourceDate "2008.03.04"]
[SourceVersion "1"]
[SourceVersionDate "2008.03.04"]
[SourceQuality "1"]

1. e4 e6 2. d4 d5 3. e5 c5 4. c3 Nc6 5. Nf3 Nge7 6. Bd3 Ng6 7. h4 cxd4 8. cxd4 Qb6 9. Nc3 Bd7 10. h5 Nge7 11. Ne2 Rc8 12. 0-0 g6 13. Bg5 Bg7 14. h6 Bf8 15. g4 Ng8 16. Qd2 Be7 17. Be3 f5 18. exf6 Nxf6 19. Ne5 Qd8 20. g5 Ne4 21. Bxe4 dxe4 22. a3 0-0 23. Ng3 Nxe5 24. dxe5 Bc6 25. Qe2 Bxg5 26. Qg4 Bxe3 27. Qxe6+ Kh8 28. fxe3 Qg5 29. Kg2 Rcd8 30. Rf7 Rxf7 31. Qxf7 Qxh6 32. Rh1 Qg7 33. Qf2 Qxe5 34. Rh4 Qe7 35. Rf4 Kg7 36. Qc2 Qe5 37. Qe2 Qe7 38. Qc2 Qd6 39. Rg4 Qd3 40. Qf2 1-0

[Event "Obra Lato op"]
[Site "Obra"]
[Date "2007.09.02"]
[Round "9.4"]
[White "Kowalczyk, Rafal"]
[Black "Remez, Serhiy"]
[Result "1/2-1/2"]
[WhiteElo "1969"]
[BlackElo "2019"]
[PlyCount "69"]
[EventDate "2007.08.29"]
[EventType "swiss"]
[EventRounds "9"]
[EventCountry "POL"]
[SourceTitle "EXT 2023"]
[Source "ChessBase"]
[SourceDate "2022.10.05"]
[SourceVersion "1"]
[SourceVersionDate "2022.10.05"]
[SourceQuality "1"]

1. e4 c6 2. d4 d5 3. exd5 cxd5 4. Bd3 Nf6 5. Bf4 Nc6 6. c3 Bg4 7. Qb3 Qb6 8. Qxb6 axb6 9. Na3 e5 10. Nb5 exf4 11. Nc7+ Kd8 12. Nxa8 Nd7 13. h3 Be6 14. Nf3 Bd6 15. b4 Ke7 16. Nxb6 Nxb6 17. a4 Ra8 18. a5 Nc4 19. 0-0-0 h6 20. Bxc4 dxc4 21. d5 Nxa5 22. dxe6 Nb3+ 23. Kb2 fxe6 24. Rhe1 Ra6 25. Ne5 b5 26. Nf3 Kf6 27. Nd2 Nxd2 28. Rxd2 e5 29. Ra1 Rb6 30. f3 Kg5 31. Kc2 Kh4 32. Ra7 g5 33. Rd7 Bb8 34. Rg7 Kg3 35. Kb2 1/2-1/2

[Event "Obra Lato op"]
[Site "Obra"]
[Date "2007.09.01"]
[Round "6.5"]
[White "Glatty, Zbigniew"]
[Black "Remez, Serhiy"]
[Result "0-1"]
[WhiteElo "2019"]
[BlackElo "2019"]
[PlyCount "102"]
[EventDate "2007.08.29"]
[EventType "swiss"]
[EventRounds "9"]
[EventCountry "POL"]
[SourceTitle "EXT 2023"]
[Source "ChessBase"]
[SourceDate "2022.10.05"]
[SourceVersion "1"]
[SourceVersionDate "2022.10.05"]
[SourceQuality "1"]

1. e4 c6 2. d4 d5 3. Nc3 dxe4 4. Nxe4 Nd7 5. Ng5 Ngf6 6. Bc4 e6 7. c3 Nb6 8. Bb3 h6 9. N5f3 a5 10. a4 Qc7 11. Ne5 Nbd5 12. Ngf3 b5 13. 0-0 Bd6 14. Re1 0-0 15. Bc2 Ba6 16. Bd3 bxa4 17. Bxa6 Rxa6 18. Nc4 Be7 19. Rxa4 Rfa8 20. Nfe5 c5 21. dxc5 Bxc5 22. Qf3 Qe7 23. Be3 Bxe3 24. Nxe3 Nxe3 25. Qxe3 Qe8 26. Rea1 Nd5 27. Qc5 f6 28. Nc4 Rc8 29. Qa3 Qg6 30. g3 Nf4 31. Nxa5 Nh3+ 32. Kg2 Qf5 33. Rd4 Ng5 34. c4 e5 35. Rh4 Qc2 36. Qb3 Qxb3 37. Nxb3 Rb6 38. Na5 Rxb2 39. Rc1 Rc5 40. Nb7 Rxb7 41. f4 Rb2+ 42. Kh1 Nf3 43. Rh3 e4 44. g4 Rb4 45. Kg2 Rbxc4 46. Rxc4 Rxc4 47. Rh5 Kh7 48. Ra5 Rc2+ 49. Kg3 Nxh2 50. Ra7 Nf1+ 51. Kh4 Rh2# 0-1

[Event "Obra Lato op"]
[Site "Obra"]
[Date "2007.09.01"]
[Round "7.4"]
[White "Remez, Serhiy"]
[Black "Siakowski, Maciej"]
[Result "1-0"]
[WhiteElo "2019"]
[BlackElo "1934"]
[PlyCount "71"]
[EventDate "2007.08.29"]
[EventType "swiss"]
[EventRounds "9"]
[EventCountry "POL"]
[SourceTitle "EXT 2023"]
[Source "ChessBase"]
[SourceDate "2022.10.05"]
[SourceVersion "1"]
[SourceVersionDate "2022.10.05"]
[SourceQuality "1"]

1. d4 Nf6 2. c4 g6 3. Nc3 Bg7 4. e4 d6 5. Bd3 0-0 6. Nge2 c5 7. d5 a6 8. Rb1 b5 9. cxb5 axb5 10. Bxb5 Ba6 11. Bxa6 Nxa6 12. 0-0 Qb6 13. Bf4 Nd7 14. Qd2 Rfb8 15. b3 Nc7 16. Bh6 Bh8 17. Bg5 Ra6 18. Bxe7 f6 19. Na4 Qa7 20. Qf4 Ne5 21. Bxf6 Rf8 22. Bxe5 Rxf4 23. Bxf4 Nb5 24. Be3 Qe7 25. f3 Ra8 26. Rbc1 Nc7 27. Rfd1 Na6 28. Rc4 Rb8 29. Nc1 Nc7 30. Bf2 Nb5 31. Ne2 Bg7 32. Nac3 Nc7 33. Bxc5 Nb5 34. Nxb5 Rxb5 35. Bd4 Bxd4+ 36. Nxd4 1-0

[Event "Obra Lato op"]
[Site "Obra"]
[Date "2007.08.31"]
[Round "5.2"]
[White "Remez, Serhiy"]
[Black "Hrynkiewicz, Bartosz"]
[Result "0-1"]
[WhiteElo "2019"]
[BlackElo "1957"]
[PlyCount "58"]
[EventDate "2007.08.29"]
[EventType "swiss"]
[EventRounds "9"]
[EventCountry "POL"]
[SourceTitle "EXT 2023"]
[Source "ChessBase"]
[SourceDate "2022.10.05"]
[SourceVersion "1"]
[SourceVersionDate "2022.10.05"]
[SourceQuality "1"]

1. d4 Nf6 2. c4 c5 3. d5 b5 4. f3 d6 5. e4 Nbd7 6. cxb5 a6 7. Nc3 g6 8. a4 Bg7 9. Be3 0-0 10. Nge2 Ne5 11. Nf4 Ne8 12. h4 axb5 13. Bxb5 Nc7 14. Nd3 Nxb5 15. axb5 Rxa1 16. Qxa1 Nxd3+ 17. Ke2 Nb4 18. Qc1 Bd7 19. h5 Qa5 20. Qd2 Bxb5+ 21. Nxb5 Qxb5+ 22. Kf2 Qd3 23. hxg6 hxg6 24. Qc1 Qc2+ 25. Qxc2 Nxc2 26. Rb1 Rb8 27. Bc1 Nb4 28. Ke2 Na2 29. Kd2 Bh6+ 0-1

[Event "Mysliborz op 2nd"]
[Site "Mysliborz"]
[Date "2007.06.15"]
[Round "6"]
[White "Remez, Serhiy"]
[Black "Zezulkin, Jurij"]
[Result "1/2-1/2"]
[WhiteElo "2015"]
[BlackElo "2454"]
[PlyCount "45"]
[EventDate "2007.06.11"]
[EventType "swiss"]
[EventRounds "7"]
[EventCountry "POL"]
[SourceTitle "EXT 2009"]
[Source "ChessBase"]
[SourceDate "2008.11.26"]
[SourceVersion "1"]
[SourceVersionDate "2008.11.26"]
[SourceQuality "1"]

1. Nf3 Nf6 2. c4 g6 3. g3 Bg7 4. Bg2 0-0 5. 0-0 d5 6. cxd5 Nxd5 7. d4 Nb6 8. Nc3 Nc6 9. e3 Re8 10. Re1 e5 11. d5 Na5 12. e4 c6 13. b3 cxd5 14. exd5 e4 15. Nxe4 Rxe4 16. Rxe4 Bxa1 17. Bg5 Bf6 18. Bxf6 Qxf6 19. Re8+ Kg7 20. Qe1 Bg4 21. Rxa8 Nxa8 22. Ne5 Bc8 23. b4 1/2-1/2

[Event "Mysliborz op 2nd"]
[Site "Mysliborz"]
[Date "2007.06.13"]
[Round "3"]
[White "Remez, Serhiy"]
[Black "Rymskyy, Aleksander"]
[Result "1/2-1/2"]
[WhiteElo "2015"]
[BlackElo "2093"]
[PlyCount "104"]
[EventDate "2007.06.11"]
[EventType "swiss"]
[EventRounds "7"]
[EventCountry "POL"]
[SourceTitle "EXT 2009"]
[Source "ChessBase"]
[SourceDate "2008.11.26"]
[SourceVersion "1"]
[SourceVersionDate "2008.11.26"]
[SourceQuality "1"]

1. d4 Nf6 2. c4 g6 3. Nc3 Bg7 4. e4 d6 5. Bd3 0-0 6. Nge2 Nc6 7. 0-0 e5 8. d5 Ne7 9. Ng3 c6 10. Qe2 Ne8 11. Bg5 f6 12. Be3 f5 13. exf5 Nxf5 14. Nxf5 Bxf5 15. Rfd1 Qh4 16. f3 Bh6 17. dxc6 bxc6 18. Be4 Bxe4 19. Nxe4 Bxe3+ 20. Qxe3 Qe7 21. Rd3 Qe6 22. b3 d5 23. Ng5 Qd6 24. Re1 Rf5 25. g4 d4 26. gxf5 dxe3 27. Rxd6 Nxd6 28. fxg6 h6 29. Nf7 Nxf7 30. gxf7+ Kxf7 31. Rxe3 Kf6 32. Rd3 Kf5 33. Rd6 h5 34. Rxc6 Rd8 35. Ra6 Kf4 36. Rxa7 Kxf3 37. Rf7+ Ke3 38. c5 Rd1+ 39. Kg2 Rd2+ 40. Kg3 Rc2 41. b4 e4 42. Rd7 Ke2 43. a4 e3 44. a5 Ke1 45. a6 Rd2 46. c6 e2 47. Re7 Rd3+ 48. Kg2 h4 49. h3 Rg3+ 50. Kh2 Kf2 51. Rxe2+ Kxe2 52. c7 Kf2 1/2-1/2

[Event "Mysliborz op 2nd"]
[Site "Mysliborz"]
[Date "2007.06.12"]
[Round "2"]
[White "Voloshin, Leonid"]
[Black "Remez, Serhiy"]
[Result "1-0"]
[WhiteElo "2456"]
[BlackElo "2015"]
[PlyCount "57"]
[EventDate "2007.06.11"]
[EventType "swiss"]
[EventRounds "7"]
[EventCountry "POL"]
[SourceTitle "EXT 2009"]
[Source "ChessBase"]
[SourceDate "2008.11.26"]
[SourceVersion "1"]
[SourceVersionDate "2008.11.26"]
[SourceQuality "1"]

1. d4 d5 2. c4 dxc4 3. e4 c5 4. d5 Nf6 5. Nc3 b5 6. e5 Nfd7 7. e6 Nf6 8. exf7+ Kxf7 9. Nxb5 Qa5+ 10. Nc3 Nbd7 11. Nf3 Ne4 12. Bd2 Nxd2 13. Nxd2 Bb7 14. Nxc4 Qc7 15. Be2 g6 16. 0-0 Nf6 17. d6 exd6 18. Nb5 Qd7 19. Nbxd6+ Bxd6 20. Nxd6+ Kg7 21. Nxb7 Qxb7 22. Bf3 Qxb2 23. Bxa8 Rxa8 24. Qd6 Qd4 25. Qe7+ Kh6 26. Rad1 Re8 27. Qxe8 Nxe8 28. Rxd4 cxd4 29. Ra1 1-0

[Event "Lasker Memorial op-B 15th"]
[Site "Barlinek"]
[Date "2007.06.04"]
[Round "3"]
[White "Hrynkiewicz, Bartosz"]
[Black "Remez, Serhiy"]
[Result "1-0"]
[WhiteElo "1957"]
[BlackElo "2015"]
[PlyCount "51"]
[EventDate "2007.06.02"]
[EventType "swiss"]
[EventRounds "10"]
[EventCountry "POL"]
[SourceTitle "CBM 118 Extra"]
[Source "ChessBase"]
[SourceDate "2007.07.04"]
[SourceVersion "1"]
[SourceVersionDate "2007.07.04"]
[SourceQuality "1"]

1. d4 Nf6 2. c4 g6 3. Nc3 d5 4. cxd5 Nxd5 5. g3 Bg7 6. Bg2 c6 7. e3 Nxc3 8. bxc3 Be6 9. Ne2 0-0 10. Qd3 b5 11. 0-0 Qa5 12. Re1 Bc4 13. Qc2 Rc8 14. Bd2 Nd7 15. Nf4 Nb6 16. Nd3 Na4 17. Nb4 Qb6 18. Qe4 e6 19. Nxc6 Kf8 20. Ne5 Bxe5 21. Qxe5 Rab8 22. e4 Ke7 23. Bg5+ Kd7 24. Qf6 Rf8 25. Qe7+ Kc6 26. d5+ 1-0

[Event "Malopolskie Bezirk-ch"]
[Site "Krakow"]
[Date "2007.04.30"]
[Round "2"]
[White "Remez, Serhiy"]
[Black "Miroslaw, Michal"]
[Result "1/2-1/2"]
[WhiteElo "2015"]
[BlackElo "2277"]
[PlyCount "77"]
[EventDate "2007.04.29"]
[EventType "swiss"]
[EventRounds "9"]
[EventCountry "POL"]
[SourceTitle "EXT 2011"]
[Source "ChessBase"]
[SourceDate "2010.11.26"]
[SourceVersion "1"]
[SourceVersionDate "2010.11.26"]
[SourceQuality "1"]

1. d4 d5 2. c4 e5 3. dxe5 d4 4. Nf3 Nc6 5. Nbd2 Nge7 6. Nb3 Nf5 7. a3 Be6 8. Qd3 a5 9. Bg5 Be7 10. e4 dxe3 11. Bxe3 Qxd3 12. Bxd3 Nxe3 13. fxe3 0-0-0 14. Nbd4 Nxd4 15. exd4 Bc5 16. d5 Bg4 17. 0-0-0 Be3+ 18. Kc2 Rhe8 19. Rde1 Bf4 20. Rhf1 Bxf3 21. Rxf3 Bxe5 22. Rxf7 Bf6 23. Bf5+ Kb8 24. Be6 Rd6 25. Rf1 a4 26. R7xf6 gxf6 27. Rxf6 Rg8 28. g4 h5 29. Rf5 Rxg4 30. Rf8+ Ka7 31. Bxg4 hxg4 32. Rg8 Rh6 33. Rxg4 Rxh2+ 34. Kc3 Kb6 35. Rg7 Rh3+ 36. Kb4 Rb3+ 37. Kxa4 Rxb2 38. Rd7 Rb1 39. Re7 1/2-1/2

[Event "Raciborz op"]
[Site "Raciborz"]
[Date "2007.02.19"]
[Round "5"]
[White "Remez, Serhiy"]
[Black "Rogalski, Krzysztof"]
[Result "0-1"]
[WhiteElo "2030"]
[BlackElo "1942"]
[PlyCount "73"]
[EventDate "2007.02.17"]
[EventType "swiss"]
[EventRounds "9"]
[EventCountry "POL"]
[SourceTitle "EXT 2011"]
[Source "ChessBase"]
[SourceDate "2010.11.26"]
[SourceVersion "1"]
[SourceVersionDate "2010.11.26"]
[SourceQuality "1"]

1. e4 c5 2. f4 Nc6 3. Nf3 e6 4. d3 g6 5. c3 Bg7 6. Be3 d6 7. d4 cxd4 8. cxd4 Nge7 9. e5 0-0 10. Bc4 Qc7 11. Nbd2 a6 12. a4 b6 13. 0-0 Bb7 14. Rc1 Qd7 15. Bb3 b5 16. Ng5 Nf5 17. Bf2 Ncxd4 18. g4 Nxb3 19. Nxb3 Ne7 20. exd6 Nd5 21. Nc5 Qxd6 22. Nxb7 Qxf4 23. Nh3 Qh6 24. Qf3 Bxb2 25. Rb1 Qg7 26. Qb3 Bd4 27. axb5 Nc3 28. Rbe1 axb5 29. Nd6 Rab8 30. Ng5 Nd5 31. Ndxf7 Nf4 32. Re4 Bxf2+ 33. Rxf2 h6 34. Rexf4 hxg5 35. Nxg5 Rxf4 36. Rxf4 Qe5 37. Qxe6+ 0-1